00924 a2200169 4500020001500000020001800015082000800033100002300041245006000064250001200124260005100136300002100187500001500208520036200223856008200585856008700667 a0071232451 a978007123245604a6581 aHiggins, Robert C.10aAnalysis for financial management /cRobert C. Higgins. a7th ed. a[S.l.] :bMcGraw Hill Higher Education,c2003. a432 p. ;c23 cm. aPaperback. a"Analysis for Financial Management 8e" is a paperback text and has been written to present standard techniques and modern developments in a practical and intuitive manner. It is intended for non-financial managers and business students interested in the practice of financial management. The emphasis is on the managerial applications of financial analysis.403Amazon.comuhttp://www.amazon.com/exec/obidos/ASIN/0071232451/chopaconline-20403Amazon customer reviewsuhttp://www.chopac.org/cgi-bin/tools/azrev.pl?q=0071232451